[Event "Salento Open 2012"]
[Site "Gallipoli ITA"]
[Date "2012.05.22"]
[Round "5"]
[White "Akshat,Chandra"]
[Black "Sprotte,N"]
[Result "1-0"]
[WhiteElo "2146"]
[BlackElo "2180"]

1.e4 e6 2.d4 d5 3.Nd2 Nc6 4.Ngf3 Nf6 5.e5 Nd7 6.c3 Be7 7.Bd3 f6 8.exf6 Nxf6
9.O-O O-O 10.Re1 Qe8 11.Nf1 Nd8 12.Ng3 Bd6 13.Ne5 c5 14.dxc5 Bxc5 15.Be3 Bd6
16.Bd4 Nc6 17.Nxc6 Qxc6 18.Qc2 Qc7 19.Qe2 Bd7 20.Be5 Bxe5 21.Qxe5 Qb6 22.Qe2 Rae8
23.c4 Bc6 24.Qe3 d4 25.Qd2 e5 26.f3 a5 27.Rab1 a4 28.Qg5 Qc7 29.Re2 e4 30.Bxe4 Bxe4
31.Nxe4 Kh8 32.c5 Nxe4 33.Rxe4 Rxe4 34.fxe4 Qf7 35.Qd2 Qxa2 36.Rd1 Qc4 37.Rc1 Qb3
38.Qxd4 h6 39.e5 Qe6 40.Re1 Rc8 41.Qd6 Rc6 42.Qd8+ Kh7 43.Qd3+ Kg8 44.Qd8+ Kh7
45.Qd4 b6 46.cxb6 Rxb6 47.Rd1 Rb8 48.Kh1 Qb3 49.Re1 Rb4 50.Qf2 Qe6 51.h3 Kg8
52.Qd2 Rb6 53.Qd4 Qb3 54.Rc1 Rb8 55.Rc7 Qxb2 56.Rc8+  1-0

[Event "4th Limpedea Cup"]
[Site "Baia Sprie ROU"]
[Date "2012.05.23"]
[Round "3.2"]
[White "Papp,Ga"]
[Black "Berescu,A"]
[Result "1-0"]
[WhiteElo "2552"]
[BlackElo "2516"]

1.e4 e6 2.d4 d5 3.Nd2 Be7 4.c3 c5 5.dxc5 Bxc5 6.Bd3 Nf6 7.Qe2 dxe4 8.Nxe4 Nxe4
9.Bxe4 Nd7 10.Nf3 O-O 11.O-O h6 12.Bf4 e5 13.Nxe5 Nxe5 14.Bxe5 Re8 15.Rad1 Qg5
16.Bd4 Bf5 17.f3 Bd6 18.Bxg7 Bxh2+ 19.Kxh2 Qh5+ 20.Kg1 Rxe4 21.Qf2 Rh4 22.Qg3 Kh7
23.Bf6 Rh1+ 24.Kf2 Rxf1+ 25.Rxf1 Rg8 26.Qh4 Qg6 27.g4 Be6 28.g5 Bxa2 29.Rh1 h5
30.Qg4 Qc2+  1-0

[Event "ch-UZB Major w 2012"]
[Site "Tashkent UZB"]
[Date "2012.05.23"]
[Round "7"]
[White "Verbova,Elena"]
[Black "Nodirjanova,N"]
[Result "1-0"]
[WhiteElo "1973"]
[BlackElo "2180"]

1.e4 e6 2.d4 d5 3.Nd2 Be7 4.e5 c5 5.c3 Nc6 6.Ne2 cxd4 7.cxd4 Qb6 8.Nf3 f6
9.Nc3 Bd7 10.Bd3 Nb4 11.Be2 a6 12.O-O Rc8 13.Be3 Nc6 14.Na4 Qa5 15.Nc3 Na7
16.a3 Bb5 17.Nxb5 axb5 18.Qd3 f5 19.Nd2 Qb6 20.g4 g6 21.Nb3 Bf8 22.Bd2 Ne7
23.Nc5 fxg4 24.Bxg4 Nf5 25.Bxf5 gxf5 26.b4 Rg8+ 27.Kh1 Rc7 28.Rg1 Rxg1+ 29.Rxg1 Qc6
30.Qh3 b6 31.Bh6 Rf7 32.Bxf8 Rxf8 33.Qxh7 Nc8 34.Rg7 Kd8 35.Nb7+ Ke8 36.Rc7  1-0

[Event "Asian Nations Chess Cup w"]
[Site "Zaozhuang CHN"]
[Date "2012.05.23"]
[Round "6.4"]
[White "Lkhamsuren,U"]
[Black "Guo Qi"]
[Result "0-1"]
[WhiteElo "2139"]
[BlackElo "2360"]

1.e4 e6 2.d4 d5 3.Nd2 Be7 4.Ngf3 Nf6 5.e5 Nfd7 6.Bd3 c5 7.c3 Nc6 8.O-O Qb6
9.Re1 cxd4 10.cxd4 Nxd4 11.Nxd4 Qxd4 12.Nf3 Qb6 13.Qa4 Qb4 14.Qc2 Nc5 15.Bd2 Qb6
16.Be3 Bd7 17.Bxh7 Rc8 18.Qb1 Qb4 19.Bc2 Qg4 20.Qd1 f5 21.Nd2 Qh4 22.Nf1 g5
23.Qf3 Bb5 24.Rac1 Bxf1 25.Kxf1 g4 26.Qg3 Qxh2 27.Qxh2 Rxh2 28.Kg1 Rh8 29.b4 Na6
30.Bxf5 Rxc1 31.Bg6+ Kd7 32.Rxc1 Nxb4 33.Bxa7 Nc6 34.Bb6 Bg5 35.Rc3 Bf4 36.a4 Bh2+
37.Kf1 Bxe5 38.Rb3 Rh1+ 39.Ke2 Ra1 40.a5 Rxa5 41.Bxa5 Nd4+ 42.Kd3 Nxb3 43.Bb4 g3
44.f3 Bf4 45.Bh5 b6 46.Bg4 Nc5+ 47.Kd4 Kd6 48.Ba3 Bd2 49.f4 Bxf4 50.Kc3 e5
51.Bh5 e4 52.Bb4 Ke5 53.Ba3 Ne6 54.Kc2 Be3 55.Be7 Nf4 56.Bf7 Nxg2 57.Bd8 Ne1+
58.Kd1 g2 59.Bc7+ Kf6  0-1

[Event "21st Chicago Open"]
[Site "Wheeling USA"]
[Date "2012.05.24"]
[Round "1"]
[White "Xiong,Jeffrey"]
[Black "Yang,Dar"]
[Result "1/2-1/2"]
[WhiteElo "2180"]
[BlackElo "2476"]

1.e4 e6 2.d4 d5 3.Nd2 Nc6 4.Ngf3 Nf6 5.e5 Nd7 6.Bd3 Nb4 7.Be2 c5 8.c3 Nc6
9.O-O Be7 10.Re1 O-O 11.Nf1 f6 12.exf6 Bxf6 13.Bb5 Qb6 14.Bxc6 Qxc6 15.Ng3 b5
16.Nh5 Be7 17.Nf4 Nf6 18.Ng5 Ne4 19.Nxe4 dxe4 20.d5 exd5 21.Qxd5+ Qxd5 22.Nxd5 Bd6
23.Bg5 Re8 24.Rad1 Be6 25.Bh4 Bf7 26.Nf6+ gxf6 27.Rxd6 f5 28.a3 a5 29.h3 b4
30.cxb4 axb4 31.axb4 cxb4 32.Rc1 Rec8 33.Rxc8+ Rxc8 34.Rd8+ Rxd8 35.Bxd8 Bc4
36.Kh2 Kf7 37.g4 fxg4 38.hxg4 Ke6 39.Ba5 b3 40.Kg3 Be2 41.Kf4 Kd5 42.Bc3  1/2-1/2

[Event "Asian Nations Chess Cup w"]
[Site "Zaozhuang CHN"]
[Date "2012.05.24"]
[Round "7.4"]
[White "Saduakassova,D"]
[Black "Saikhanzaya,Ganbaatar"]
[Result "1-0"]
[WhiteElo "2219"]
[BlackElo "1868"]

1.e4 e6 2.d4 d5 3.Nd2 Be7 4.c3 Nf6 5.e5 Nfd7 6.Bd3 c5 7.Ne2 Nc6 8.Nf3 cxd4
9.cxd4 g5 10.Be3 Nb6 11.Nd2 Nb4 12.Bb1 Bd7 13.a3 Nc6 14.Bd3 Rc8 15.Qb1 h5
16.f4 Nc4 17.Bxc4 dxc4 18.fxg5 Bxg5 19.Nxc4 Bxe3 20.Nxe3 Nxd4 21.Qd3 Nxe2
22.Qxe2 Qa5+ 23.Qd2 Qxe5 24.O-O Bb5 25.Rfe1 Rd8 26.Qf2 Qg5 27.h4 Qg6 28.Rac1 Bc6
29.Rc5 f6 30.Nc4 e5 31.Na5 Qxg2+ 32.Qxg2 Bxg2 33.Kxg2 b6 34.Rc6 bxa5 35.Rxf6 Ke7
36.Rf5 Rd2+ 37.Kf3 Rxb2 38.Rexe5+ Kd6 39.Rxa5 Rh7 40.Rf6+ Ke7 41.Rfa6 Rb3+
42.Kf4 Rf7+ 43.Kg5 Ke8 44.Rxa7 Rb5+ 45.Kg6 Rxa7 46.Rxa7 Kd8 47.a4 Rc5 48.a5 Kc8
49.a6 Ra5 50.Ra8+ Kc7 51.Kh6 Kb6 52.Rg8 Ka7 53.Rg5 Rxa6+ 54.Kxh5 Kb7 55.Rc5 Rd6
56.Kg5 Kb6 57.Rc4 Rd5+ 58.Kg4 Kb5 59.Rc3 Rd4+ 60.Kg5 Rd5+ 61.Kg6 Rd6+ 62.Kg7 Rd7+
63.Kf6 Rd6+ 64.Kf7 Rd7+ 65.Ke6 Rd1 66.Rh3 Re1+ 67.Kf5 Rf1+ 68.Kg4 Kc6 69.h5 Rg1+
70.Kh4 Rd1 71.h6 Rd4+ 72.Kg5 Rd5+ 73.Kf6 Rd6+ 74.Ke5 Rd5+ 75.Ke4 Rd8 76.h7 Rh8
77.Kf5  1-0

[Event "29th BSG Pinkster Open"]
[Site "Bussum NED"]
[Date "2012.05.26"]
[Round "3.9"]
[White "Pliester,L"]
[Black "Koudinov,D"]
[Result "1-0"]
[WhiteElo "2367"]
[BlackElo "2044"]

1.e4 e6 2.d4 d5 3.Nd2 Be7 4.c3 c5 5.Ngf3 cxd4 6.cxd4 Nc6 7.Bd3 dxe4 8.Nxe4 Nf6
9.O-O O-O 10.Be3 Nb4 11.Ne5 Nxd3 12.Qxd3 Qd5 13.Nc3 Qa5 14.a3 Rd8 15.Rfd1 Bd7
16.b4 Qc7 17.Rac1 Qb8 18.Bg5 a5 19.b5 Be8 20.Bh4 b6 21.Nc6 Bxc6 22.bxc6 Qc8
23.Nb5 e5 24.Bxf6 gxf6 25.d5 Bd6 26.c7 Rd7 27.Qg3+ Kh8 28.Qh4 Kg7 29.Rd3 e4
30.Rh3 Be5 31.Qh6+ Kg8 32.d6 f5 33.Qxh7+ Kf8 34.Qh6+ Bg7 35.Qg5 a4 36.Rg3 f6
37.Qh4 Ra5 38.Nd4 Kf7 39.Qh5+ Kg8  1-0

[Event "6th ENCI Limburg Open 2012"]
[Site "Limburg NED"]
[Date "2012.05.26"]
[Round "3.7"]
[White "Bok,B"]
[Black "Driessens,P"]
[Result "1-0"]
[WhiteElo "2511"]
[BlackElo "2328"]

1.e4 e6 2.d4 d5 3.Nd2 a6 4.Ngf3 c5 5.dxc5 Bxc5 6.Bd3 Nc6 7.O-O Nge7 8.exd5 exd5
9.Nb3 Bb6 10.Re1 O-O 11.Be3 Bxe3 12.Rxe3 Qd6 13.c3 h6 14.h3 Rd8 15.Qc2 Bd7
16.Rd1 Rac8 17.Qd2 Nf5 18.Bxf5 Bxf5 19.Nfd4 Nxd4 20.Nxd4 Bd7 21.Rde1 Kf8
22.Qd3 g6 23.Qd2 Kg7 24.a3 Re8 25.Nc2 Qc5 26.Rxe8 Rxe8 27.Rxe8 Bxe8 28.Ne3 Bc6
29.Ng4 g5 30.Ne3 h5 31.h4 f6 32.Nf5+ Kg6 33.Qc2 Bd7 34.Nd4+ Kh6 35.Qd2 Qe7
36.Nf3 Bc6 37.hxg5+ fxg5 38.Qd4 Kh7 39.Qd3+ Kh6 40.Qd4 Kh7 41.Qd3+ Kh6 42.Qf5 Qg7
43.Ne5 h4 44.f4  1-0

[Event "21st Chicago Open"]
[Site "Wheeling USA"]
[Date "2012.05.26"]
[Round "5"]
[White "Friedel,J"]
[Black "Abrahamyan,T"]
[Result "1-0"]
[WhiteElo "2499"]
[BlackElo "2329"]

1.e4 e6 2.d4 d5 3.Nd2 Be7 4.Ngf3 Nf6 5.Bd3 c5 6.e5 Nfd7 7.c3 Nc6 8.O-O a5
9.Re1 a4 10.Nf1 cxd4 11.cxd4 Nb6 12.Ng3 h5 13.h4 Bxh4 14.Nxh4 Qxh4 15.Be3 Qe7
16.Rc1 Bd7 17.Rc5 Nb4 18.Be2 Bc6 19.Qd2 Na6 20.Bxa6 Rxa6 21.Bg5 Qc7 22.Bh4 g6
23.Qg5 Kd7 24.Qf6 Re8 25.Qxf7+ Kc8 26.Qxg6 Kb8 27.Nxh5 Qc8 28.Nf6 Rh8 29.Bg5 Nd7
30.Rc3 Rb6 31.b3 Rb4 32.Rd1 Ka7 33.Qg7 Nxf6 34.exf6 Rb6 35.f7  1-0

[Event "50th ch-IND Challengers 2012"]
[Site "Tirupati IND"]
[Date "2012.05.27"]
[Round "12.22"]
[White "Dhar,R"]
[Black "Girinath,P"]
[Result "0-1"]
[WhiteElo "2158"]
[BlackElo "2343"]

1.e4 e6 2.d4 d5 3.Nd2 Nc6 4.Ngf3 Nf6 5.e5 Nd7 6.c3 f6 7.exf6 Qxf6 8.Bb5 Bd6
9.Nf1 e5 10.Bg5 Qf7 11.dxe5 Ncxe5 12.Nxe5 Bxe5 13.Ne3 c6 14.Ba4 O-O 15.O-O Nc5
16.Bc2 b6 17.f4 Bc7 18.f5 Ba6 19.Rf2 Rae8 20.Ng4 h5 21.Ne3 Ne4 22.Bxe4 Rxe4
23.f6 g6 24.Kh1 Qe6 25.Qd2 Qe5 26.Nf1 Bxf1 27.g3 Re2 28.Raxf1 Qe4+ 29.Kg1 Rxd2
30.Bxd2 Bd6 31.Bh6 Bc5 32.Bxf8 Kxf8 33.h3 Kf7 34.Kh2 Bxf2 35.Rxf2 c5  0-1

[Event "Albena Masters Open 2012"]
[Site "Albena BUL"]
[Date "2012.05.28"]
[Round "3.45"]
[White "Nancheva,Doroteya"]
[Black "Tscharotschkin,M"]
[Result "0-1"]
[WhiteElo "1802"]
[BlackElo "2192"]

1.e4 e6 2.d4 d5 3.Nd2 Be7 4.Ngf3 Nf6 5.e5 Nfd7 6.Bd3 c5 7.dxc5 Nc6 8.Nb3 Ndxe5
9.Nxe5 Nxe5 10.Bb5+ Bd7 11.Bxd7+ Nxd7 12.Qg4 O-O 13.O-O Rc8 14.Bh6 Bf6 15.c3 Nxc5
16.Nxc5 Rxc5 17.Rad1 Rc4 18.Qg3 Qc7 19.f4 Kh8 20.Bg5 Bxg5 21.Qxg5 h6 22.Qg3 g6
23.Qe3 Qb6 24.Qf2 Qxf2+ 25.Rxf2 Rfc8 26.g3 b5 27.Rfd2 a5 28.Kf2 Kg7 29.Ke3 Kf6
30.h3 h5 31.Rc2 b4 32.Kd3 g5 33.fxg5+ Kxg5 34.Rf1 f5 35.Re1 R8c6  0-1

[Event "6th ENCI Limburg Open 2012"]
[Site "Limburg NED"]
[Date "2012.05.28"]
[Round "7.5"]
[White "Bok,B"]
[Black "Braun,Christi2"]
[Result "1/2-1/2"]
[WhiteElo "2511"]
[BlackElo "2384"]

1.e4 e6 2.d4 d5 3.Nd2 Be7 4.Ngf3 Nf6 5.e5 Nfd7 6.Bd3 c5 7.c3 Nc6 8.O-O g5
9.dxc5 g4 10.Nd4 Ndxe5 11.Bb5 Bd7 12.N2b3 h5 13.Re1 Nxd4 14.Qxd4 Bxb5 15.Rxe5 Qd7
16.Rxd5 Qxd5 17.Qxh8+ Kd7 18.Qd4 Bc6 19.Be3 e5 20.Qxd5+ Bxd5 21.Na5 f5 22.c4 Be4
23.b4 f4 24.Bd2 Ke6 25.Re1 Kf5 26.Bc3 Bd8 27.f3 gxf3 28.gxf3 Bxf3 29.Rxe5+ Kg4
30.Re8 b6 31.Rg8+ Kh3 32.Nb3 bxc5 33.Nxc5 Bb6 34.Rxa8 Bxc5+ 35.bxc5 Bxa8
36.Kf2 Kg4  1/2-1/2

[Event "50th ch-IND Challengers 2012"]
[Site "Tirupati IND"]
[Date "2012.05.28"]
[Round "13.15"]
[White "Patil,Pr2"]
[Black "Lahiri,A"]
[Result "1/2-1/2"]
[WhiteElo "2205"]
[BlackElo "2332"]

1.e4 e6 2.d4 d5 3.Nd2 Be7 4.Bd3 c5 5.dxc5 Nf6 6.Qe2 O-O 7.Ngf3 a5 8.O-O Na6
9.c4 Nxc5 10.cxd5 Nxd3 11.Qxd3 exd5 12.e5 Ne8 13.Nb3 Nc7 14.Rd1 Bg4 15.h3 Bh5
16.Bf4 Ne6 17.Bg3 a4 18.Nbd4 Nxd4 19.Qxd4 Bxf3 20.gxf3 Qc8 21.Kg2 Rd8 22.Rac1 Qe6
23.Rc7 b6 24.Rxe7 Qxe7 25.Bh4 Qc5  1/2-1/2

[Event "Albena Masters Open 2012"]
[Site "Albena BUL"]
[Date "2012.05.29"]
[Round "4.40"]
[White "Ivanov,Bog"]
[Black "Solak,R"]
[Result "1-0"]
[WhiteElo "2222"]
[BlackElo "2010"]

1.e4 e6 2.d4 d5 3.Nd2 Nc6 4.Ngf3 Nf6 5.e5 Nd7 6.Nb3 f6 7.exf6 Qxf6 8.Be2 Bd6
9.O-O O-O 10.Bg5 Qf7 11.c4 dxc4 12.Nbd2 Nb6 13.Be3 e5 14.dxe5 Nxe5 15.Nxe5 Bxe5
16.Bxb6 axb6 17.Bxc4 Be6 18.Qc2 Bxc4 19.Nxc4 Bd4 20.Rad1 c5 21.a4 Rad8 22.Rd2 Rd5
23.Nxb6 Rd6 24.a5 Kh8 25.Re2 Rh6 26.Qe4 Qc7 27.h3 Rg6 28.b3 Rg3 29.b4 h6
30.bxc5 Rf4 31.Qe8+ Kh7 32.Nd5 Qxc5 33.Nxf4 Qxa5 34.Qe4+  1-0

[Event "Mitropa Cup 2012"]
[Site "Sibenik CRO"]
[Date "2012.05.31"]
[Round "1"]
[White "Pacher,M"]
[Black "Rapport,R"]
[Result "0-1"]
[WhiteElo "2440"]
[BlackElo "2577"]

1.e4 e6 2.d4 d5 3.Nd2 Be7 4.Bd3 c5 5.dxc5 Nf6 6.Qe2 O-O 7.Ngf3 a5 8.O-O Na6
9.exd5 exd5 10.Nb3 a4 11.Nbd4 Nxc5 12.Bg5 Re8 13.Rad1 Bd7 14.Ne5 Bd6 15.f4 Bg4
16.Ndf3 Qb6 17.Kh1 Nfd7 18.Nxd7 Nxd7 19.Qd2 h6 20.Bh4 Nc5 21.f5 Be7 22.Bxe7 Rxe7
23.h3 Bxf3 24.Rxf3 Ne4 25.Bxe4 dxe4 26.Rg3 Rae8 27.Qc3 f6 28.Re3 Kh7 29.Rd5 Re5
30.Qd4 Qa6 31.c4 Rxd5 32.Qxd5 Qb6 33.Qb5 Qxe3 34.Qxe8 Qc1+ 35.Kh2 Qf4+ 36.Kg1 Qxf5
37.b4 Qf4 38.Qxa4 Qc1+ 39.Kh2 Qxc4 40.Qd7 e3 41.Kg3 Qf1  0-1

[Event "Women's World Rapid Championship 2012"]
[Site "Batumi GEO"]
[Date "2012.06.01"]
[Round "4.12"]
[White "Muzychuk,A"]
[Black "Mammadova,G"]
[Result "1-0"]
[WhiteElo "2598"]
[BlackElo "2345"]

1.e4 e6 2.d4 d5 3.Nd2 Nc6 4.c3 e5 5.exd5 Qxd5 6.Ngf3 exd4 7.Bc4 Qh5 8.O-O Nf6
9.cxd4 Be6 10.Bxe6 fxe6 11.Qb3 O-O-O 12.Qxe6+ Kb8 13.Ne4 Nxe4 14.Qxe4 Bd6
15.Be3 Rhe8 16.Qh4 Qxh4 17.Nxh4 Re4 18.Nf3 Be7 19.Rfd1 Bf6 20.Rd3 Nxd4 21.Nxd4 Bxd4
22.Rad1 c5 23.Kf1 Kc7 24.Bxd4 Rexd4 25.Rxd4 cxd4 26.Ke2 Kc6 27.Rc1+ Kd7 28.Kd3 Rf8
29.f3 b5 30.Kxd4 Kd6 31.Re1 Rc8 32.Kd3 a5 33.f4 Rc5 34.g3 g5 35.fxg5 Rxg5
36.Re4 h5 37.Rf4 Kc5 38.Ke4 Kc4 39.Rf5 Rg4+ 40.Ke3 Rg8 41.Rxh5 Re8+ 42.Kd2 Rd8+
43.Kc2 Re8 44.Rh4+ Kc5 45.Kd2 Rd8+ 46.Ke3 Rd1 47.Rh5+ Kc4 48.Rh4+ Kc5 49.Rf4 Re1+
50.Kd3 Rg1 51.Rf2 Kd5 52.Ke3 a4 53.Kf4 b4 54.h4 Rh1 55.Kf3 Kc4 56.Kg2 Rd1
57.h5 Rd5 58.g4 Kd3 59.Kg3 a3 60.bxa3  1-0

[Event "Women's World Rapid Championship 2012"]
[Site "Batumi GEO"]
[Date "2012.06.02"]
[Round "8.15"]
[White "Melia,S"]
[Black "Mammadova,G"]
[Result "1-0"]
[WhiteElo "2410"]
[BlackElo "2345"]

1.e4 e6 2.d4 d5 3.Nd2 Nc6 4.Ngf3 Nf6 5.e5 Nd7 6.c4 dxc4 7.Nxc4 Nb6 8.a3 Be7
9.Be2 Nd5 10.O-O g5 11.Ne1 a6 12.Bf3 h5 13.Nc2 g4 14.Be4 Bg5 15.Bxg5 Qxg5
16.f4 Qd8 17.Qd3 Nce7 18.N4e3 Bd7 19.Bxd5 Nxd5 20.Nxd5 exd5 21.a4 Qe7 22.f5 O-O-O
23.b4 c6 24.Rfb1 Kb8 25.Ne3 Qg5 26.Rf1 Rhg8 27.Rab1 g3 28.h3 Qh4 29.Rf3 Qg5
30.Rbf1 c5 31.dxc5 Bxa4 32.Qd4 Rge8 33.Re1 Bd7 34.h4 Qg7 35.Nf1 Qg4 36.Rf4 Qg7
37.Re3 Qh7 38.Nxg3 Rg8 39.e6 fxe6 40.Qe5+ Ka8 41.fxe6 Rde8 42.e7 Bc6 43.Kh2 Rg7
44.Nf5 Rf7 45.Nd6 Rfxe7 46.Qxe7 Rxe7 47.Rf8+ Re8 48.Rexe8+ Bxe8 49.Rxe8+ Ka7
50.Nc8+ Kb8 51.Nb6+ Kc7 52.Rc8+  1-0

[Event "e2e4 Diamond Jubilee Premier"]
[Site "London ENG"]
[Date "2012.06.02"]
[Round "1.9"]
[White "Pace,C"]
[Black "Cobb,J"]
[Result "1-0"]
[WhiteElo "2128"]
[BlackElo "2411"]

1.e4 e6 2.d4 d5 3.Nd2 a6 4.Ngf3 c5 5.exd5 exd5 6.dxc5 Bxc5 7.Nb3 Bb6 8.Be2 Nf6
9.O-O O-O 10.Bg5 Re8 11.c3 Nc6 12.Bh4 Bg4 13.Nbd4 Qd6 14.h3 Nxd4 15.Nxd4 Bxe2
16.Nxe2 Ne4 17.Nd4 Qf4 18.g3 Qe5 19.f4 Bxd4+ 20.Qxd4 Qxd4+ 21.cxd4 Rac8 22.Rfc1 f5
23.g4 Kf7 24.gxf5 Nd6 25.Rc5 Nxf5 26.Bf2 Rxc5 27.dxc5 Re2 28.b4 Rb2 29.Rd1 Rxb4
30.Rxd5 Ke6 31.Re5+ Kf6 32.Re8 Nd4 33.Bxd4+ Rxd4 34.Rb8 Rd7 35.Kf2 Ke6 36.Ke3 Kd5
37.Rc8 Re7+ 38.Kd3 Rf7 39.Ke3 Re7+ 40.Kd3 h6 41.h4 h5 42.Rh8 Kxc5 43.Rxh5+  1-0

[Event "e2e4 Diamond Jubilee Premier"]
[Site "London ENG"]
[Date "2012.06.02"]
[Round "1.1"]
[White "Brown,Mart"]
[Black "Sumets,A"]
[Result "0-1"]
[WhiteElo "2183"]
[BlackElo "2599"]

1.e4 e6 2.d4 d5 3.Nd2 Be7 4.Ngf3 Nf6 5.e5 Nfd7 6.Bd3 c5 7.c3 b6 8.Qe2 a5
9.O-O Ba6 10.Bxa6 Nxa6 11.Rd1 Nc7 12.Nf1 c4 13.Ng3 b5 14.Ne1 h6 15.Nc2 Nb6
16.Bd2 Kd7 17.Ne3 Qg8 18.b3 h5 19.f4 h4 20.Ngf1 Qh7 21.Rab1 Qh5 22.Qf2 g6
23.Be1 cxb3 24.axb3 a4 25.c4 axb3 26.cxb5 Ra2 27.Rd2 Ra3 28.Rdb2 g5 29.Rxb3 Rxb3
30.Rxb3 gxf4 31.Qc2 Rc8 32.Qc6+ Kd8 33.Qxb6 fxe3 34.Qc6 Qd1 35.Rxe3 Qxd4
36.b6 Na6 37.Qb5 Bg5 38.Bf2 Qc4 39.Qa5 Rc5 40.Qa1 Bxe3 41.Bxe3 d4 42.Bxd4 Rd5
43.Bf2 Qb5 44.Ne3 Rd3 45.Ng4 Kc8 46.Nf6 Rb3 47.Qc1+ Kb7 48.Qd2 Rb1+ 49.Be1 Qxb6+
50.Kf1 Qb5+ 51.Qe2 Nc7 52.Ne4 Qxe5 53.Nd6+ Qxd6 54.Qe4+ Kc8 55.Qxb1 Qxh2
56.Qh7 h3 57.gxh3 f5 58.h4 Nd5 59.Qg8+ Kd7 60.Qg7+ Kc6 61.Qd4 Qf4+ 62.Qxf4 Nxf4
63.Bd2 Nh5 64.Kf2 Kd5 65.Bg5 e5 66.Bd8 Ke4 67.Ke2 f4 68.Bc7 Ng3+ 69.Kf2 Kf5
70.Kf3 e4+ 71.Kf2 Kg4 72.Bd6 Nf5 73.Bc5 Nxh4 74.Ke2 Nf5 75.Kf2 f3 76.Bb6 e3+
77.Kg1 f2+ 78.Kg2 Ng3  0-1

[Event "e2e4 Diamond Jubilee Premier"]
[Site "London ENG"]
[Date "2012.06.02"]
[Round "1.13"]
[White "Lee,Ka"]
[Black "Sowray,P"]
[Result "0-1"]
[WhiteElo "2102"]
[BlackElo "2376"]

1.e4 e6 2.d4 d5 3.Nd2 Be7 4.Bd3 c5 5.exd5 Qxd5 6.Ngf3 cxd4 7.Qe2 Nf6 8.Nb3 Nc6
9.O-O e5 10.Bc4 Qd6 11.Bb5 O-O 12.Bxc6 bxc6 13.Nxe5 c5 14.Re1 Bb7 15.Na5 Be4
16.Bf4 Qe6 17.f3 Bd6 18.Nac4 Bxe5 19.Nxe5 Qf5 20.fxe4 Qxf4 21.Nd3 Qc7 22.b3 Rfe8
23.Qf3 Rac8 24.e5 Nd7 25.Qg4 Qc6 26.Re2 Nb6 27.Nf4 Nd5 28.e6 fxe6 29.Rxe6 Rxe6
30.Nxe6 Qd7 31.Qh3 Ne3 32.c4 Qc6 33.Re1 Re8 34.Nf4 h6 35.Qg3 Rf8 36.Ng6 Re8
37.Nf4 Kh7 38.h4 Rf8 39.Nd3 Qc8 40.h5 Kg8 41.Rxe3 dxe3 42.Qxe3 Qg4 43.Nxc5 Qd1+
44.Kh2 Qxh5+ 45.Kg1 Re8 46.Qd4 Re1+ 47.Kf2 Qe2+ 48.Kg3 Rd1 49.Qf4 Rd2 50.Qb8+ Kh7
51.Qxa7 Qf2+ 52.Kg4 Rd4+  0-1

[Event "Server24Chess 2012"]
[Site "Val Gardena ITA"]
[Date "2012.06.02"]
[Round "1"]
[White "Baklan,V"]
[Black "Curien,N"]
[Result "1-0"]
[WhiteElo "2612"]
[BlackElo "2235"]

1.e4 e6 2.d4 d5 3.Nd2 Nc6 4.Ngf3 Nf6 5.e5 Nd7 6.c3 f6 7.exf6 Qxf6 8.Bd3 Bd6
9.Qc2 e5 10.O-O e4 11.Bxe4 dxe4 12.Nxe4 Qg6 13.Nxd6+ cxd6 14.Re1+ Kf8 15.Qxg6 hxg6
16.Bf4 d5 17.Bd6+ Kf7 18.Ng5+ Kf6 19.Ne6 Nb6 20.Nc7 Bf5 21.Nxa8 Rxa8 22.b3 a5
23.a4 Bc2 24.Re2 Be4 25.Rae1 Kf7 26.Rd2 Bf5 27.h3 Re8 28.Kf1 Rxe1+ 29.Kxe1 Ke6
30.Ba3 Kd7 31.Bf8 Nc8 32.f3 Nd6 33.g4 Be6 34.Bxg7 b5 35.axb5 Nxb5 36.Rc2 Bf7
37.Kd2 Nd8 38.Ra2 Nc6 39.Be5 Ke7 40.h4 Kd7 41.Ra1 Ke6 42.f4 Kd7 43.Rh1 Be6
44.h5 gxh5 45.gxh5 Bf5 46.h6 Bh7 47.Rg1  1-0

[Event "Mitropa Cup 2012"]
[Site "Sibenik CRO"]
[Date "2012.06.04"]
[Round "5"]
[White "Libiszewski,F"]
[Black "Rapport,R"]
[Result "1/2-1/2"]
[WhiteElo "2495"]
[BlackElo "2577"]

1.e4 e6 2.d4 d5 3.Nd2 Be7 4.Ngf3 Nf6 5.Bd3 c5 6.e5 Nfd7 7.c3 Nc6 8.O-O g5
9.dxc5 g4 10.Nd4 Ndxe5 11.Bb5 Bd7 12.Bxc6 bxc6 13.b4 Qc7 14.f4 gxf3 15.N2xf3 Ng4
16.Qe2 e5  1/2-1/2

[Event "e2e4 Diamond Jubilee Premier"]
[Site "London ENG"]
[Date "2012.06.05"]
[Round "6.3"]
[White "Vovk,A"]
[Black "Brown,Mart"]
[Result "1/2-1/2"]
[WhiteElo "2549"]
[BlackElo "2183"]

1.e4 e6 2.d4 d5 3.Nd2 Be7 4.Bd3 c5 5.dxc5 Nf6 6.Qe2 O-O 7.Ngf3 a5 8.a4 Na6
9.e5 Nd7 10.Bxa6 Rxa6 11.Nb3 Nxc5 12.Nxc5 Bxc5 13.Be3 b6 14.O-O Ra7 15.Qd2 Bd7
16.Rfe1 Qe8 17.b3 Qe7 18.Qd3 Rc8 19.Nd4 Rac7 20.Re2 Be8 21.f4 f6 22.f5 exf5
23.Nxf5 Qxe5 24.Rf1 Bh5 25.Ree1 Bg6 26.Bxc5 Bxf5 27.Qa6 Be4 28.Bxb6 Rxc2
29.Rf2 Rc1 30.Bxa5 R8c2 31.Qa8+ Kf7 32.Qa7+ Kg6 33.Qe3 Rxf2 34.Qxf2 Rc2 35.Re2 Rxe2
36.Qxe2 Qd4+  1/2-1/2

[Event "Campeonato Individual Madrid 2012"]
[Site "Madrid ESP"]
[Date "2012.06.05"]
[Round "2.2"]
[White "Perez Gonzalez,Jo"]
[Black "Anton Guijarro,D"]
[Result "1/2-1/2"]
[WhiteElo "2331"]
[BlackElo "2475"]

1.e4 e6 2.d4 d5 3.Nd2 Be7 4.Bd3 dxe4 5.Nxe4 Nf6 6.Nf3 Nbd7 7.O-O c5 8.dxc5 Nxe4
9.Bxe4 Nxc5 10.Qe2 Nxe4 11.Qxe4 f6 12.Be3 O-O 13.Rfd1 Qa5 14.Qc4  1/2-1/2

[Event "1st Grand Europe Open"]
[Site "Golden Sands BUL"]
[Date "2012.06.06"]
[Round "3.72"]
[White "Guven,B"]
[Black "Todorov,O"]
[Result "1/2-1/2"]
[WhiteElo "1929"]
[BlackElo "2305"]

1.e4 e6 2.d4 d5 3.Nd2 a6 4.Ngf3 c5 5.exd5 exd5 6.dxc5 Bxc5 7.Nb3 Ba7 8.Bd3 Ne7
9.O-O Nbc6 10.Re1 O-O 11.Be3 Bf5 12.Bxa7 Rxa7 13.Nfd4 Bxd3 14.Qxd3 Ng6 15.Nf3 a5
16.c3 a4 17.Nbd4 Qb6 18.Qb5 Ra6 19.Qxb6 Rxb6 20.b4 Rc8 21.Re3 Nxd4 22.Nxd4 Rd6
23.Rae1 Kf8 24.g3 Rd7 25.Nf5 f6 26.f4 Rcc7 27.Kf2 Ne7 28.Rxe7 Rxe7 29.Rxe7 Rxe7
30.Nxe7 Kxe7 31.Ke3 Kd6 32.Kd4 b5  1/2-1/2

[Event "11th TCh-BIH Premier"]
[Site "Jahorina BIH"]
[Date "2012.06.06"]
[Round "5.3"]
[White "Palac,M"]
[Black "Sedlak,N"]
[Result "1/2-1/2"]
[WhiteElo "2604"]
[BlackElo "2556"]

1.e4 e6 2.d4 d5 3.Nd2 a6 4.Ngf3 c5 5.dxc5 Bxc5 6.Bd3 Nc6 7.exd5 exd5 8.O-O Nf6
9.Nb3 Bb6 10.Re1+ Be6 11.Be3 O-O 12.h3 h6 13.c3 Re8 14.Qc2 Bc7 15.Rad1 Qc8
16.Bf1 Bf5 17.Qc1 Be4 18.Nfd4 Ne5 19.Bf4 Qb8 20.Bh2 Nc4 21.Bxc7 Qxc7 22.Nd2 Ne5
23.Re3 Re7 24.Rde1 Rae8 25.Qd1 h5 26.R1e2 Ng6 27.f3 Nf4 28.fxe4 Nxe2+ 29.Bxe2 dxe4
30.Bc4 Qf4 31.Qe1 h4 32.Qf2 Qxf2+ 33.Kxf2 g6 34.Nf1 Nh5 35.g4 hxg3+ 36.Nxg3 Nf4
37.h4 b5 38.Bb3 Nd3+ 39.Kg2 Nxb2 40.h5 Nc4 41.Re1 Re5 42.hxg6 fxg6 43.a4 Kg7
44.axb5 axb5 45.Nxb5 Rxb5  1/2-1/2

[Event "6th Ramada Cup GpA"]
[Site "Halle GER"]
[Date "2012.06.07"]
[Round "1.1"]
[White "Kull,F"]
[Black "Laubsch,B"]
[Result "1-0"]
[WhiteElo "2178"]
[BlackElo "2304"]

1.e4 e6 2.d4 d5 3.Nd2 Nc6 4.Ngf3 Nf6 5.e5 Nd7 6.Be2 f6 7.exf6 Qxf6 8.Nf1 Bd6
9.Ne3 Qg6 10.Ne5 Qf6 11.N3g4 Qe7 12.f4 Bxe5 13.fxe5 O-O 14.c3 Nd8 15.h4 Nf7
16.Qd3 Nh8 17.Qg3 Nf7 18.Bd3 Kh8 19.Bg5 Qe8 20.Be3 b6 21.h5 h6 22.Nf2 Rg8
23.Nh3 Nf8 24.O-O-O Qe7 25.Rdf1 Bd7 26.Nf4 Ng5 27.Ng6+ Nxg6 28.hxg6  1-0

[Event "7th Tal Mem Blitz"]
[Site "Moscow RUS"]
[Date "2012.06.07"]
[Round "4"]
[White "Carlsen,M"]
[Black "Radjabov,T"]
[Result "1-0"]
[WhiteElo "2835"]
[BlackElo "2784"]

1.e4 e6 2.d4 d5 3.Nd2 a6 4.Ngf3 c5 5.c3 cxd4 6.Nxd4 Nf6 7.e5 Nfd7 8.f4 Nc6
9.N2f3 Be7 10.Bd3 Nc5 11.Bc2 Bd7 12.O-O Nxd4 13.Nxd4 g6 14.Be3 Qc7 15.Kh1 h5
16.Qe1 Rc8 17.Bf2 Ba4 18.Bb1 Bd7 19.Bh4 Bxh4 20.Qxh4 Qd8 21.Qf2 Qe7 22.Bc2 Ba4
23.b3 Bd7 24.a4 O-O 25.Rae1 Bc6 26.f5 exf5 27.Nxf5 gxf5 28.Qg3+  1-0

[Event "Mitropa Cup w 2012"]
[Site "Sibenik CRO"]
[Date "2012.06.07"]
[Round "7"]
[White "Motycakova,M"]
[Black "Varga,Kl"]
[Result "0-1"]
[WhiteElo "2121"]
[BlackElo "2193"]

1.e4 e6 2.d4 d5 3.Nd2 Be7 4.Bd3 c5 5.dxc5 Nf6 6.Qe2 O-O 7.Ngf3 a5 8.a4 Na6
9.e5 Nd7 10.c3 Naxc5 11.Bc2 b6 12.Nd4 Qc7 13.N2f3 Ba6 14.Nb5 Bxb5 15.axb5 a4
16.Bf4 Nb3 17.Rd1 Na5 18.h4 Qc4 19.Bxh7+ Kh8 20.Qxc4 Nxc4 21.Bb1 Nxb2 22.Rd2 a3
23.Ba2 Nc5 24.Be3 Rfc8 25.Rc2 Ne4 26.Bd4 Na4 27.Nd2 Nexc3 28.Rh3 Nxb5 29.Rxc8+ Rxc8
30.Nb3 Nbc3 31.Nc1 Nxa2 32.Nxa2 Rc2  0-1

[Event "TCh-FRA Top 12 2012"]
[Site "Belfort FRA"]
[Date "2012.06.09"]
[Round "10.3"]
[White "Brochet,P"]
[Black "Bauer,Ch"]
[Result "1/2-1/2"]
[WhiteElo "2383"]
[BlackElo "2672"]

1.e4 e6 2.d4 d5 3.Nd2 Nc6 4.Ngf3 Nf6 5.e5 Nd7 6.Bd3 f6 7.exf6 Qxf6 8.c3 e5
9.dxe5 Ndxe5 10.Qe2 Bd6 11.Nxe5 Nxe5 12.f4 Qxf4 13.Nc4 Qh4+ 14.g3 Qf6 15.Nxd6+ cxd6
16.Bb5+ Kd8 17.Rf1 Qe7 18.Bf4 Bg4 19.Qe3 Kc7 20.Kd2 a6 21.Bd3 Rhe8 22.Rae1 Bh3
23.Rf2 Kc6 24.Bxe5 Qxe5 25.Rfe2 Qxe3+ 26.Rxe3 Rxe3 27.Rxe3 h6 28.Re7 Rf8
29.Ke3 g5 30.Rh7 Rf6 31.b4 Bg2 32.Re7 Rf3+ 33.Kd4 Bf1 34.Bxf1 Rxf1 35.Rh7 Rf2
36.Rxh6 Rxa2 37.Rh8 Rd2+ 38.Ke3 Rc2 39.Kd4 g4 40.Rh4 b6 41.Rxg4 Rxh2 42.Rg8 Rd2+
43.Ke3 Rd1 44.Ke2 Rg1 45.Kd3 a5 46.bxa5 bxa5 47.g4 Kc5 48.Rc8+ Kb5 49.Rg8 Ka4
50.g5 Rg4 51.g6 Ka3 52.g7 a4 53.Ke3 Ka2 54.Ra8 Rxg7 55.Rxa4+ Kb3 56.Ra6 Kxc3
57.Rc6+ Kb4 58.Kd4 Ka3  1/2-1/2